Management accounting (Record no. 241409)

MARC details
000 -LEADER
fixed length control field 00699nam a22002417a 4500
005 - DATE AND TIME OF LATEST TRANSACTION
control field 20260513104930.0
008 - FIXED-LENGTH DATA ELEMENTS--GENERAL INFORMATION
fixed length control field 260507b |||||||| |||| 00| 0 eng d
020 ## - INTERNATIONAL STANDARD BOOK NUMBER
International Standard Book Number 9789337282559
040 ## - CATALOGING SOURCE
Transcribing agency AL
041 ## - LANGUAGE CODE
Language code of text/sound track or separate title English
082 ## - DEWEY DECIMAL CLASSIFICATION NUMBER
Classification number 658.1511
Item number GUPM
100 ## - MAIN ENTRY--PERSONAL NAME
Personal name Shashi K Gupta
100 ## - MAIN ENTRY--PERSONAL NAME
9 (RLIN) 263880
245 ## - TITLE STATEMENT
Title Management accounting
Remainder of title : principles and practice
250 ## - EDITION STATEMENT
Edition statement 15.
260 ## - PUBLICATION, DISTRIBUTION, ETC.
Place of publication, distribution, etc. Ludhiana
Name of publisher, distributor, etc. Kalyani Publishers
Date of publication, distribution, etc. 2023
300 ## - PHYSICAL DESCRIPTION
Extent 1425p.
Other physical details PB
Dimensions 24x18cm
365 ## - TRADE PRICE
Price type code 6831
Price amount ₹680.00
Currency code
Unit of pricing ₹850.00
Price note 20%
Price effective from 14-03-2026
650 ## - SUBJECT ADDED ENTRY--TOPICAL TERM
Topical term or geographic name entry element Financial Statements
9 (RLIN) 263488
650 ## - SUBJECT ADDED ENTRY--TOPICAL TERM
Topical term or geographic name entry element Ratio Analysis
9 (RLIN) 263489
700 ## - ADDED ENTRY--PERSONAL NAME
Personal name Sharma, Rk
9 (RLIN) 263490
700 ## - ADDED ENTRY--PERSONAL NAME
Personal name Gupta, Neeti
9 (RLIN) 263491
942 ## - ADDED ENTRY ELEMENTS (KOHA)
Source of classification or shelving scheme Dewey Decimal Classification
Koha item type Book
Holdings
Withdrawn status Lost status Source of classification or shelving scheme Damaged status Not for loan Collection code Home library Current library Shelving location Date acquired Source of acquisition Cost, normal purchase price Total Checkouts Full call number Barcode Date last seen Cost, replacement price Price effective from Koha item type
    Dewey Decimal Classification     Management St Aloysius Library St Aloysius Library Stack Section 03/17/2026 Biblios Book Point, Surathkal-575014 680.00   658.1511 GUPM 078095 05/07/2026 850.00 03/14/2026 Book